Top 7 letter words for Scrabble (CSW) - Statistics

General Stats
  • This quiz has been taken 8 times
  • The average score is 13 of 43
Answer Stats
Hint Answer % Correct
AEINRST STAINER
100%
AEINRST RETAINS
50%
AEINRST RETINAS
50%
AEILNOT TOENAIL
50%
ADEINRT TRAINED
50%
AEEINRT TRAINEE
50%
AEILNOR AILERON
25%
AEILNOR ALERION
25%
AEILNOR ALIENOR
25%
ADEINOR ANEROID
25%
AEINRST ANESTRI
25%
ADEINRT ANTIRED
25%
AEINRST ANTSIER
25%
AEEINRT ARENITE
25%
AEINOST ATONIES
25%
ADEINRT DETRAIN
25%
AEILNOT ELATION
25%
AEILNRT ENTRAIL
25%
AEINORS ERASION
25%
AEEIORT ETAERIO
25%
AEGIORT GOATIER
25%
AEILNRT LATRINE
25%
AEINRST NASTIER
25%
AEINORT NOTAIRE
25%
AEIORST OARIEST
25%
AEIGNOR ORIGANE
25%
AEIORST OTARIES
25%
AEINORT OTARINE
25%
AEINRST RATINES
25%
AEILNRT RATLINE
25%
AEILNRT RELIANT
25%
AEINRST RESIANT
25%
AEEINRT RETINAE
25%
AEILNRT RETINAL
25%
AEINRST RETSINA
25%
AEIORST ROASTIE
25%
AEINRTU RUINATE
25%
AEINRST STARNIE
25%
AEINRST STEARIN
25%
AEINRTU TAURINE
25%
AEILNRT TRENAIL
25%
AEINRTU URANITE
25%
AEINRTU URINATE
25%
No matching quizzes found
Score Distribution
Percent of People with Each Score
Percentile by Number Answered
Your Score History
You have not taken this quiz